000 00296nam a22001337a 4500
008 180222b xxu||||| |||| 00| 0 eng d
020 _a9780070381346
041 _aeng
080 _a621
100 _a27
101 _aMEK
245 _aWire, Cable, Fiber Optics
_cLampen, S.H
942 _2udc
_cBK
999 _c43124
_d43124